| 000 | 00500nam a22001817a 4500 | ||
|---|---|---|---|
| 999 |
_c442359 _d442359 |
||
| 003 | UA-OsUOA | ||
| 005 | 20190930093550.0 | ||
| 008 | 190930b un ||||| |||| 00| 0 ukr d | ||
| 040 |
_aUA-OsUOA _bukr _cUA-OsUOA _dUA-OsUOA |
||
| 041 | _aukr | ||
| 080 | _a821.161.2 | ||
| 090 |
_a821.161.2 _bА18 |
||
| 100 | _4Авдєєв В. | ||
| 245 |
_aГурти на дорогах _bповість _cВіктор Авдєєв |
||
| 260 |
_aКиїв _bДніпро _c68 с. |
||
| 942 |
_2udc _cBK |
||
| 955 | _a3 | ||